000 00809nam a22002177a 4500
999 _c12788
_d12788
003 AR-CdUCM
008 190410b ||||| |||| 00| 0 spa d
040 _aMUNICIPALIDAD PROVINCIAL DEL CUSCO
_cBIBLIOTECA MUNICIPAL DEL CUSCO
082 _a318.5 /
_bC37
110 _aCedur Ununchis
_930850
245 _aAutocenso AA. HH. San Sebastian - San Jeronimo /
260 _aCusco :
_bAmauta,
_c1992.
300 _a98 páginas ;
_c22 cm.
505 _aAspectos técnicos metodológicos del autocenso integral -- Características demográficas -- Características educativas -- Características y servicios de la vivienda...
650 _aCenso.
_930851
650 _aDemografía.
_91556
650 _aSan Jeronimo.
_930852
650 _aSan Sebastian.
_98695
942 _2ddc
_cLIBROS
945 _awfj
_d2019-04-10